000
00223 a2200097 4500
001
11414
100
_a
Nascibeh, H.
245
_a
The Poling Ideas of Arab Nationa
260
_a
_b
Cornell University
_c
090
_c
8956
_d
8956
942
_a
NUST-CAE
_c
M
_c
35773
999
_c
246487
_d
246487